Pays de l'Union Africaine - Statistiques

Statistiques générales
  • Ce quiz a été pris 125 fois
    48 depuis la dernière actualisation
  • Le résultat moyen est 45 sur 55
Statistiques - réponses
État % Correct
Maroc
98%
Algérie
95%
Afrique du Sud
93%
Tunisie
93%
Angola
91%
Égypte
91%
Guinée
89%
Mali
89%
Niger
89%
République Démocratique du Congo
89%
République du Congo
89%
Somalie
89%
Zambie
89%
Cameroun
86%
Érythrée
86%
Eswatini
86%
Liberia
86%
Mauritanie
86%
Sénégal
86%
Soudan
86%
Zimbabwe
86%
Botswana
84%
Cap Vert
84%
Ghana
84%
Guinée Bissau
84%
Guinée Équatoriale
84%
Kenya
84%
Libye
84%
Madagascar
84%
Nigeria
84%
Soudan du sud
84%
Côte d'Ivoire
82%
Éthiopie
82%
Gambie
82%
Lesotho
82%
Ouganda
82%
Tchad
82%
Burundi
80%
Gabon
80%
Mozambique
80%
Namibie
80%
Rwanda
80%
Tanzanie
80%
Togo
80%
Bénin
77%
Burkina Faso
77%
Djibouti
77%
Malawi
77%
Comores
75%
République Centrafricaine
75%
Seychelles
75%
Sierra Leone
75%
Maurice
73%
Sao Tomé et Principe
73%
Sahara Occidental
27%
Aucun quiz correspondant
Distribution des résultats
% des personnes avec chaque résultat
Percentile par nombre de réponses
Votre historique - résultats
Vous n’avez pas pris ce quiz depuis la dernière actualisation